Red Sox Top 85 Prospects - Statistics

General Stats
  • This quiz has been taken 28 times
  • The average score is 5 of 85
Answer Stats
# Level Position Answer % Correct
2 A 1B/3B Triston Casas
82%
16 AA 3B Bobby Dalbec
64%
17 A SP Brayan Bello
50%
3 AA SP Tanner Houck
36%
7 A+ 2B/OF Jarren Duran
32%
25 A+ SP Kutter Crawford
32%
1 MLB IF Michael Chavis
32%
5 XST SP Jay Groome
27%
9 A+ SP Bryan Mata
23%
4 AA SP Darwinzon Hernandez
23%
73 XST IF Ceddanne Rafaela
18%
57 XST OF Bryan Gonzalez
14%
46 XST SP Aldo Ramirez
9%
66 AA RP Anyelo Gomez
9%
18 XST OF Gilberto Jimenez
9%
84 A RP Rio Gomez
9%
81 A+ RP Algenis Martinez
5%
21 AA SP Denyi Reyes
5%
52 XST OF Giancarlos Santana
5%
61 A+ RP Joan Martinez
5%
34 AAA 1B Josh Ockimey
5%
31 AAA RP Josh Taylor
5%
44 AA SP Kyle Hart
5%
20 AA OF Marcus Wilson
5%
71 AAA IF Mike Miller
5%
56 XST OF Nelfy Abreu
5%
33 A+ IF Ryan Fitzgerald
5%
28 A SP Thaddeus Ward
5%
29 AAA RP Travis Lakins
5%
70 A SP Yasel Santana
5%
55 XST SP Aaron Perry
0%
69 XST OF Albert Feliz
0%
42 XST SP Alexander Montero
0%
12 A SP Alex Scherff
0%
41 A+ RP Andrew Politi
0%
50 AA RP Andrew Schwaab
0%
45 XST OF Angel Maita
0%
8 XST SS Antoni Flores
0%
65 AAA RP Austin Maddox
0%
14 A 3B Brandon Howlett
0%
27 AA IF Brett Netzer
0%
85 XST OF Caleb Ramsey
0%
54 AAA IF Chad De La Guerra
0%
75 AAA SP Chandler Shepherd
0%
24 A SP Chase Shugart
0%
40 A SP Chris Machamer
0%
6 AA SS CJ Chatham
0%
58 A OF Cole Brannen
0%
15 XST 3B Danny Diaz
0%
49 A 1B Devlin Granberg
0%
64 AAA RP Domingo Tapia
0%
11 AA RP Durbin Feltman
0%
39 A+ RP Eduard Bazardo
0%
19 XST OF Eduardo Lopez
0%
47 XST OF Eduardo Vaughan
0%
80 XST C Elih Marrero
0%
67 A+ SP Enmanuel De Jesus
0%
38 A+ RP Jake Thompson
0%
62 A+ SP Jhonathan Diaz
0%
26 AA 1B Joey Curletta
0%
48 XST C Jonathan Diaz
0%
63 AA RP Jordan Weems
0%
82 AA OF Keith Curcio
0%
79 A IF/OF Kervin Suarez
0%
30 A C Kole Cottam
0%
74 A OF Marino Campana
0%
76 AAA RP Mark Montgomery
0%
53 AAA RP Matthew Gorst
0%
43 AAA SP Matt Kent
0%
68 XST SP Miguel Suero
0%
23 AAA SP Mike Shawaryn
0%
10 XST OF Nick Decker
0%
83 AAA IF Nick Lovullo
0%
13 XST 3B Nick Northcut
0%
72 XST RP Osvaldo De La Rosa
0%
37 A+ 1B Pedro Castellanos
0%
78 A+ C Roldani Baldwin
0%
60 XST SP Roniel Raudes
0%
59 A+ IF Tanner Nishioka
0%
51 AA OF Tate Matheny
0%
77 AAA RP Trevor Kelley
0%
35 A OF Tyler Dearden
0%
36 A OF Tyler Esplin
0%
32 A RP Yoan Aybar
0%
22 AA RP Zach Schellenger
0%
No matching quizzes found
Score Distribution
Percent of People with Each Score
Percentile by Number Answered
Your Score History
You have not taken this quiz